| 000 | 01975nam a2200301Ia 4500 | ||
|---|---|---|---|
| 999 |
_c49545 _d49545 |
||
| 001 | 16475 | ||
| 003 | GE_BSU | ||
| 005 | 20190726170113.0 | ||
| 008 | 181216sge 2015 |||||||||||||| ||geo|| | ||
| 020 | _a9789941080661 | ||
| 041 | _ageo | ||
| 080 | _a331.103(075.8)+338 ვ-18 | ||
| 100 |
_aვანიშვილი,მერაბ. _93332 |
||
| 245 |
_aსოციალური სფეროს ეკონომიკა და მართვა : სახელმძღვ. / _cმერაბ ვანიშვილი ; ბადრი გეჩბაია ; სამეცნ. რედ : კარლო ღურწკაია. |
||
| 264 |
_aთბილისი : _bსაზოგადოება და ცოდნა, _c2015. |
||
| 300 |
_a436 გვ .: _bილ ; _c20 სმ. |
||
| 500 | _aშენიშვნ.: გვ. 430-431 | ||
| 504 | _aბიბლიოგრ. გვ; 433-436 | ||
| 520 | _aშენიშვნ.: გვ. 430-431 | ||
| 541 | _h29ლ. | ||
| 653 | _aსაზოგადოების სოციალური სტრუქტურა,სოციალური უსაფრთხოება და მის უზრუნველყოფაზე მიმართული პოლიტიკა,მოსახლეობის ცხოვრების დონე,სოციალური სფეროს განვითარების საზღვარგარეთული გამოცდილება. | ||
| 653 | _aსოციალური ეკონომიკა | ||
| 653 | _aსოციალური სფეროს ეკონომიკა და მართვა | ||
| 653 | _aეკონომიკა | ||
| 700 |
_aგეჩბაია, ბადრი _91999 |
||
| 700 |
_aღურწკაია, კარლო _eსამეცნიერო რედაქტორი _93333 |
||
| 942 |
_cBK _2udc |
||